[Event "Ivy League Challenge"]
[Site "Toronto CAN"]
[Date "2023.03.25"]
[Round "4"]
[White "Jaferian, Koosha"]
[Black "Nakada, Akira"]
[Result "0-1"]
[WhiteElo "2242"]
[BlackElo "2315"]
[PlyCount "164"]
[EventDate "2023.03.24"]
[EventType "team"]
[EventRounds "5"]
[EventCountry "CAN"]
[Source "ChessMix"]
[SourceDate "2023.04.01"]
[WhiteTeam "University of Toronto - B"]
[BlackTeam "Harvard University"]

1. e4 c6 2. d4 d5 3. e5 c5 4. Nf3 cxd4 5. Qxd4 Nc6 6. Qf4 e6 7. Bd3 Nb4 8. Bd2
Nxd3+ 9. cxd3 Nh6 10. Nc3 Be7 11. g4 Bd7 12. O-O Qb6 13. a3 Qa6 14. Qd4 Rc8 15.
b4 Qb6 16. Qxb6 axb6 17. h3 f6 18. Rfc1 Nf7 19. Bf4 g5 20. Bg3 fxe5 21. Nxe5
Bf6 22. d4 Ke7 23. Ne2 Nd6 24. f3 Bb5 25. Nc3 Bd7 26. Ne2 Ba4 27. Nc3 b5 28.
Kf2 Rhf8 29. Ke2 Bb3 30. Rab1 Bc4+ 31. Ke3 Ra8 32. Ra1 Ra6 33. a4 bxa4 34. Rxa4
Rxa4 35. Nxa4 Ra8 36. Nc3 Ra3 37. Kd2 Rb3 38. Rb1 Ra3 39. Re1 Rb3 40. Rb1 Rxb1
41. Nxb1 Nb5 42. Ke3 Bf1 43. Nd2 Bxh3 44. Kd3 Ke8 45. Bh2 Be7 46. Nb3 Bf1+ 47.
Ke3 Bxb4 48. f4 gxf4+ 49. Bxf4 b6 50. g5 Bc3 51. Nf3 Bc4 52. Nbd2 Na3 53. Ne1
b5 54. Bd6 b4 55. Bc5 Kd7 56. Ndf3 Kc6 57. Kf4 Nb5 58. Nd3 b3 59. Nfe5+ Kc7 60.
Ke3 b2 61. Nxb2 Bxb2 62. g6 hxg6 63. Nxg6 Bf1 64. Nf4 Kd7 65. Ng6 Bh3 66. Ne5+
Kc7 67. Ng6 Bf5 68. Ne5 Kb7 69. Nf7 Ka6 70. Nd8 Ka5 71. Kf4 Ka4 72. Ke5 Kb3 73.
Nxe6 Bxe6 74. Kxe6 Kc4 75. Kd7 Bxd4 76. Be7 Bb2 77. Ke6 d4 78. Bg5 d3 79. Kf5
Kc3 80. Ke4 Kc2 81. Bh6 Nd6+ 82. Kd5 Bc1 0-1

[Event "Ivy League Challenge"]
[Site "Toronto CAN"]
[Date "2023.03.25"]
[Round "4"]
[White "Moses, Kole H"]
[Black "Li, William"]
[Result "0-1"]
[WhiteElo "1829"]
[BlackElo "2106"]
[PlyCount "53"]
[EventDate "2023.03.24"]
[EventType "team"]
[EventRounds "5"]
[EventCountry "CAN"]
[Source "ChessMix"]
[SourceDate "2023.04.01"]
[WhiteTeam "University of Chicago"]
[BlackTeam "University of Waterloo"]

1. e4 c5 2. Nf3 d6 3. d4 cxd4 4. Nxd4 Nf6 5. Nc3 a6 6. Bg5 e6 7. f4 Nbd7 8. Qf3
Qc7 9. Bxf6 Nxf6 10. g4 b5 11. g5 Nd7 12. Qh3 Nb6 13. g6 e5 14. Ndxb5 axb5 15.
Qxh7 Rxh7 16. gxh7 b4 17. Bb5+ Bd7 18. h8=Q bxc3 19. Bxd7+ Qxd7 20. O-O Qg4+
21. Kh1 cxb2 22. Rad1 Nc4 23. Rd3 Qe2 24. Qh3 Qxe4+ 25. Kg1 d5 26. Rdf3 Bc5+
27. Kg2 0-1

[Event "Ivy League Challenge"]
[Site "Toronto CAN"]
[Date "2023.03.25"]
[Round "4"]
[White "Shih, Matthew"]
[Black "Toliver, James"]
[Result "1/2-1/2"]
[WhiteElo "1976"]
[BlackElo "1839"]
[PlyCount "78"]
[EventDate "2023.03.24"]
[EventType "team"]
[EventRounds "5"]
[EventCountry "CAN"]
[Source "ChessMix"]
[SourceDate "2023.04.01"]
[WhiteTeam "University of Toronto - B"]
[BlackTeam "Harvard University"]

1. c4 Nf6 2. Nc3 g6 3. e4 d6 4. d4 Bg7 5. Be2 O-O 6. Be3 Nc6 7. d5 Ne5 8. f4
Neg4 9. Bd4 c5 10. dxc6 e5 11. fxe5 Nxe5 12. Bxe5 dxe5 13. Qxd8 Rxd8 14. cxb7
Bxb7 15. Bf3 Bf8 16. Nd5 Nxd5 17. exd5 a5 18. Ne2 Rdc8 19. b3 Bb4+ 20. Kd1 a4
21. Kc2 f5 22. Nc3 Bxc3 23. Kxc3 e4 24. Be2 axb3 25. axb3 Bxd5 26. Rxa8 Bxa8
27. Rd1 f4 28. Bg4 Re8 29. Bd7 Rf8 30. Be6+ Kg7 31. Bd5 Bxd5 32. cxd5 Kf6 33.
Kd4 e3 34. Ke4 g5 35. g3 Ke7 36. gxf4 gxf4 37. d6+ Kd7 38. Kf3 Rf6 39. Rd4 Re6
1/2-1/2

[Event "Ivy League Challenge"]
[Site "Toronto CAN"]
[Date "2023.03.25"]
[Round "4"]
[White "Tang, Andrew"]
[Black "Li, Yunshan"]
[Result "1-0"]
[WhiteElo "2522"]
[BlackElo "2294"]
[PlyCount "108"]
[EventDate "2023.03.24"]
[EventType "team"]
[EventRounds "5"]
[EventCountry "CAN"]
[Source "ChessMix"]
[SourceDate "2023.04.01"]
[WhiteTeam "Princeton University"]
[BlackTeam "University of Toronto - A"]

1. d4 d5 2. Bf4 Nf6 3. e3 Bf5 4. c4 c6 5. Nc3 e6 6. Qb3 Qc8 7. Nf3 Be7 8. Rc1
O-O 9. h3 Nbd7 10. Be2 dxc4 11. Bxc4 Nb6 12. Be2 Nbd5 13. Bh2 Nxc3 14. bxc3 c5
15. O-O b6 16. Nd2 Qd7 17. Nc4 Be4 18. Ne5 Qd5 19. Qa4 Bxg2 20. Bc4 Qb7 21. Ba6
Qd5 22. c4 Qe4 23. f3 Bxf3 24. Rxf3 cxd4 25. Qc6 Qh4 26. Bg3 Qxh3 27. exd4 Rad8
28. Bf2 Qh5 29. Re1 Ng4 30. Nxg4 Qxg4+ 31. Rg3 Qf5 32. Qh1 Bf6 33. Bb7 h5 34.
Qe4 g5 35. Rf3 Qxe4 36. Rxe4 Kg7 37. c5 bxc5 38. dxc5 g4 39. Rxf6 Rd1+ 40. Re1
Rxe1+ 41. Bxe1 Kxf6 42. c6 e5 43. c7 Ke6 44. c8=Q+ Rxc8 45. Bxc8+ Kd5 46. Bf5
e4 47. Bg3 a5 48. Kf2 Kd4 49. a4 Kd3 50. Bc7 h4 51. Bxa5 h3 52. Bc7 Kd4 53.
Bxg4 e3+ 54. Ke2 Kd5 1-0

[Event "Ivy League Challenge"]
[Site "Toronto CAN"]
[Date "2023.03.25"]
[Round "4"]
[White "Turgut, Aydin"]
[Black "Dai, Wenzhi"]
[Result "1-0"]
[WhiteElo "2327"]
[BlackElo "2059"]
[PlyCount "81"]
[EventDate "2023.03.24"]
[EventType "team"]
[EventRounds "5"]
[EventCountry "CAN"]
[Source "ChessMix"]
[SourceDate "2023.04.01"]
[WhiteTeam "Princeton University"]
[BlackTeam "University of Toronto - A"]

1. e4 e5 2. Nf3 Nf6 3. Nxe5 d6 4. Nf3 Nxe4 5. d4 d5 6. Bd3 Be7 7. O-O O-O 8. c4
c6 9. cxd5 cxd5 10. Nc3 Nxc3 11. bxc3 Nc6 12. h3 Be6 13. Rb1 b6 14. Bf4 Bf6 15.
Ne5 Nxe5 16. dxe5 Be7 17. Be3 Qc8 18. f4 Bc5 19. Bd4 Bxd4+ 20. cxd4 Bf5 21. Rc1
Qd7 22. Ba6 Qe7 23. Qb3 Be4 24. Rc3 Rad8 25. Qa3 Rfe8 26. Qxe7 Rxe7 27. Rfc1 f6
28. Rc7 Kf7 29. Bc8 Rde8 30. Bd7 Ra8 31. f5 fxe5 32. dxe5 Kf8 33. e6 Rd8 34. g4
h5 35. gxh5 Kg8 36. Rc8 Rxc8 37. Rxc8+ Kh7 38. Re8 Rxe8 39. Bxe8 Bxf5 40. e7
Kg8 41. Bc6 1-0

[Event "Ivy League Challenge"]
[Site "Toronto CAN"]
[Date "2023.03.25"]
[Round "4"]
[White "Wang, Wesley"]
[Black "Zomorrodian, Eilia"]
[Result "1-0"]
[WhiteElo "2312"]
[BlackElo "2119"]
[PlyCount "59"]
[EventDate "2023.03.24"]
[EventType "team"]
[EventRounds "5"]
[EventCountry "CAN"]
[Source "ChessMix"]
[SourceDate "2023.04.01"]
[WhiteTeam "Harvard University"]
[BlackTeam "University of Toronto - B"]

1. e4 c5 2. Nf3 e6 3. d4 cxd4 4. Nxd4 a6 5. c4 Nf6 6. Nc3 Bb4 7. Qd3 Qc7 8. Nc2
Be7 9. Qg3 Qxg3 10. hxg3 Nc6 11. Be2 d6 12. g4 Nd7 13. g5 b6 14. Be3 Bb7 15.
O-O-O Rc8 16. b3 b5 17. cxb5 axb5 18. Bxb5 Nce5 19. Kb2 Ng4 20. Bd4 Bxg5 21.
Bxg7 Rg8 22. Rxd6 Nxf2 23. Rxh7 Rc7 24. Be5 Nxe4 25. Rb6 Nxc3 26. Bxc7 Nd1+ 27.
Ka3 Bc1+ 28. Ka4 Rg4+ 29. Ka5 Bd2+ 30. b4 1-0

[Event "Ivy League Challenge"]
[Site "Toronto CAN"]
[Date "2023.03.26"]
[Round "5"]
[White "Chandran, Kapil"]
[Black "Turgut, Aydin"]
[Result "1-0"]
[WhiteElo "2361"]
[BlackElo "2327"]
[PlyCount "111"]
[EventDate "2023.03.24"]
[EventType "team"]
[EventRounds "5"]
[EventCountry "CAN"]
[Source "ChessMix"]
[SourceDate "2023.04.01"]
[WhiteTeam "University of Chicago"]
[BlackTeam "Princeton University"]

1. e4 e5 2. Nf3 Nc6 3. Bb5 a6 4. Bxc6 dxc6 5. O-O Bg4 6. h3 Bh5 7. g4 Bg6 8.
Nxe5 Qh4 9. Qf3 f6 10. Nxg6 hxg6 11. Kg2 g5 12. Rh1 Ne7 13. d3 O-O-O 14. Be3
Kb8 15. Nd2 Qh7 16. Kf1 Qg8 17. e5 Ng6 18. exf6 gxf6 19. Qxf6 Be7 20. Qc3 Qf8
21. Ke2 Nf4+ 22. Bxf4 Qxf4 23. Ne4 Rhf8 24. Rae1 Bd6 25. Kd1 Be5 26. Qd2 Qf3+
27. Qe2 Qf7 28. b3 Qg7 29. h4 gxh4 30. Rxh4 Rfe8 31. g5 Bc3 32. Rg1 Bb4 33. Qe3
Bc5 34. Qd2 Qa1+ 35. Qc1 Qe5 36. Ke2 Rf8 37. Rg2 Qf5 38. Nxc5 Qxc5 39. g6 Rde8+
40. Kf1 Re7 41. Qd2 Qf5 42. g7 Rg8 43. Rh8 Ree8 44. Rxg8 Rxg8 45. Qg5 Qf3 46.
Rg3 Qf7 47. Qe5 b6 48. f4 Kb7 49. Ke2 a5 50. a4 c5 51. Kd2 Kc8 52. Kc1 Kd7 53.
f5 Kd8 54. Rg6 Qd7 55. f6 Qf7 56. Rh6 1-0

[Event "Ivy League Challenge"]
[Site "Toronto CAN"]
[Date "2023.03.26"]
[Round "5"]
[White "Dai, Wenzhi"]
[Black "Wang, Wesley"]
[Result "0-1"]
[WhiteElo "2059"]
[BlackElo "2312"]
[PlyCount "94"]
[EventDate "2023.03.24"]
[EventType "team"]
[EventRounds "5"]
[EventCountry "CAN"]
[Source "ChessMix"]
[SourceDate "2023.04.01"]
[WhiteTeam "University of Toronto - A"]
[BlackTeam "Harvard University"]

1. e4 c6 2. d4 d5 3. Nc3 dxe4 4. Nxe4 Nf6 5. Nxf6+ exf6 6. Nf3 Bd6 7. Be2 O-O
8. O-O Re8 9. c4 Nd7 10. Re1 Nf8 11. Bf1 Rxe1 12. Nxe1 Ng6 13. g3 Bf5 14. Bg2
Qd7 15. Nd3 Re8 16. Be3 h5 17. Qd2 Bh3 18. Bh1 Qf5 19. Re1 h4 20. f4 Qc8 21.
Bf2 Rxe1+ 22. Nxe1 Bxf4 23. gxf4 Qg4+ 24. Bg2 Nxf4 25. Be3 Nxg2 26. Nxg2 Qf3
27. Qf2 Bxg2 28. Qxf3 Bxf3 29. Kf2 Be4 30. a3 a6 31. b4 Bd3 32. d5 Bxc4 33. d6
Be6 34. Kf3 g5 35. Ke4 Kg7 36. Kd4 Kg6 37. Ke4 f5+ 38. Ke5 Bd7 39. Bf2 f4 40.
Ke4 Kf6 41. Bd4+ Ke6 42. Bg7 f6 43. Bf8 b6 44. Kd4 c5+ 45. bxc5 bxc5+ 46. Ke4
c4 47. Kd4 f3 0-1

[Event "Ivy League Challenge"]
[Site "Toronto CAN"]
[Date "2023.03.26"]
[Round "5"]
[White "Li, Yunshan"]
[Black "Shen, Christopher"]
[Result "1/2-1/2"]
[WhiteElo "2294"]
[BlackElo "2332"]
[PlyCount "112"]
[EventDate "2023.03.24"]
[EventType "team"]
[EventRounds "5"]
[EventCountry "CAN"]
[Source "ChessMix"]
[SourceDate "2023.04.01"]
[WhiteTeam "University of Toronto - A"]
[BlackTeam "Harvard University"]

1. d4 Nf6 2. c4 g6 3. Nc3 Bg7 4. e4 d6 5. Nf3 O-O 6. Be2 Na6 7. O-O e5 8. Be3
Qe7 9. Qc2 Nb4 10. Qb1 exd4 11. Nxd4 Ng4 12. Bxg4 Bxg4 13. f3 Be6 14. Nxe6 fxe6
15. Qc1 c5 16. Qd2 Rad8 17. Bg5 Bf6 18. Bxf6 Qxf6 19. Rad1 a6 20. f4 Nc6 21.
Rf2 Kg7 22. Qe3 Qh4 23. Rdf1 Rd7 24. g3 Qh3 25. e5 dxe5 26. fxe5 Rdf7 27. Rxf7+
Rxf7 28. Rxf7+ Kxf7 29. Ne4 Kg7 30. Qf4 Qf5 31. Nxc5 Nxe5 32. Qxf5 exf5 33. b3
b5 34. cxb5 axb5 35. a4 bxa4 36. bxa4 Nc6 37. Kf2 Kf6 38. Ke3 g5 39. Nb7 Ke5
40. a5 Nb4 41. Nd8 h5 42. h4 Nd5+ 43. Kf3 g4+ 44. Kf2 Nb4 45. Ke3 Nd5+ 46. Kf2
Nb4 47. Nb7 f4 48. Nc5 Kd6 49. a6 fxg3+ 50. Kxg3 Nc6 51. Nd3 Kc7 52. Nf4 Ne7
53. Nxh5 Nf5+ 54. Kxg4 Nxh4 55. Kxh4 Kb6 56. a7 Kxa7 1/2-1/2

[Event "Ivy League Challenge"]
[Site "Toronto CAN"]
[Date "2023.03.26"]
[Round "5"]
[White "Liang, Awonder"]
[Black "Tang, Andrew"]
[Result "1-0"]
[WhiteElo "2643"]
[BlackElo "2522"]
[PlyCount "57"]
[EventDate "2023.03.24"]
[EventType "team"]
[EventRounds "5"]
[EventCountry "CAN"]
[Source "ChessMix"]
[SourceDate "2023.04.01"]
[WhiteTeam "University of Chicago"]
[BlackTeam "Princeton University"]

1. e4 e5 2. Nf3 Nc6 3. Bb5 a6 4. Ba4 Nf6 5. O-O Be7 6. Re1 b5 7. Bb3 d6 8. c3
O-O 9. h3 Bb7 10. d4 Re8 11. Nbd2 Bf8 12. a4 Na5 13. Bc2 exd4 14. cxd4 b4 15.
e5 Nd7 16. Nb3 Nxb3 17. Ng5 Qxg5 18. Bxg5 Nxa1 19. Bf5 Nb6 20. a5 Nc4 21. Bd7
Reb8 22. e6 Bd5 23. e7 Bxe7 24. Rxe7 h6 25. Bxh6 gxh6 26. Qh5 Kf8 27. Re2 c6
28. Qxh6+ Kg8 29. Bf5 1-0

[Event "Ivy League Challenge"]
[Site "Toronto CAN"]
[Date "2023.03.26"]
[Round "5"]
[White "Shih, Matthew"]
[Black "Chen, Richard"]
[Result "0-1"]
[WhiteElo "1976"]
[BlackElo "2272"]
[PlyCount "56"]
[EventDate "2023.03.24"]
[EventType "team"]
[EventRounds "5"]
[EventCountry "CAN"]
[Source "ChessMix"]
[SourceDate "2023.04.01"]
[WhiteTeam "University of Toronto - B"]
[BlackTeam "University of Waterloo"]

1. c4 e5 2. Nc3 Nf6 3. Nf3 Nc6 4. g3 Bb4 5. Nd5 e4 6. Nxb4 Nxb4 7. Nd4 O-O 8.
a3 Na6 9. Bg2 d5 10. cxd5 Qxd5 11. Nc2 Qh5 12. Ne3 Bh3 13. O-O Rad8 14. b4 Rd6
15. Bb2 Rfd8 16. Bc3 c6 17. Re1 Bxg2 18. Kxg2 Nc7 19. Qc2 Re8 20. Rad1 Nfd5 21.
Nf1 Rg6 22. e3 Qf3+ 23. Kg1 Ne6 24. d3 Ng5 25. h4 Nh3+ 26. Kh2 Nxf2 27. Kg1
Nxd1 28. Rxd1 Nxc3 0-1

[Event "Ivy League Challenge"]
[Site "Toronto CAN"]
[Date "2023.03.26"]
[Round "5"]
[White "Toliver, James"]
[Black "Ma, Derek"]
[Result "1-0"]
[WhiteElo "1839"]
[BlackElo "1968"]
[PlyCount "125"]
[EventDate "2023.03.24"]
[EventType "team"]
[EventRounds "5"]
[EventCountry "CAN"]
[Source "ChessMix"]
[SourceDate "2023.04.01"]
[WhiteTeam "Harvard University"]
[BlackTeam "University of Toronto - A"]

1. e4 c5 2. Nc3 e6 3. Nge2 a6 4. g3 b5 5. d4 cxd4 6. Nxd4 Bb7 7. Bg2 Bc5 8. Nb3
Bb6 9. Bf4 Ne7 10. Bd6 Nc8 11. Bf4 O-O 12. O-O d6 13. Qd2 Qe7 14. Rfe1 Nc6 15.
Rad1 Rd8 16. Qe2 Na5 17. Qg4 Nc4 18. Bg5 f6 19. Bc1 Ne5 20. Qh3 Na7 21. Nd4 Re8
22. f4 Nac6 23. Nce2 Nc4 24. Kh1 Rac8 25. c3 Nxd4 26. Nxd4 Qf7 27. Bf3 g6 28.
Qg2 Rcd8 29. f5 Bxd4 30. fxg6 hxg6 31. cxd4 Kg7 32. b3 Nb6 33. Rf1 Rd7 34. Bb2
d5 35. e5 fxe5 36. dxe5 Qe7 37. Rd4 Rf8 38. Rh4 Rxf3 39. Rxf3 d4 40. Bxd4 Qb4
41. Bxb6 Rd1+ 42. Bg1 Qc5 43. Rf7+ Kg8 44. Rg7+ Kf8 45. Rf4+ Kxg7 46. Qxb7+ Kh6
47. Qg2 Qc1 48. Rf7 Kg5 49. Qf2 Qc6+ 50. Qf3 Qxf3+ 51. Rxf3 Re1 52. Re3 Ra1 53.
Re2 Kg4 54. Kg2 a5 55. Bc5 g5 56. Rf2 a4 57. bxa4 bxa4 58. h3+ Kh5 59. a3 g4
60. hxg4+ Kxg4 61. Rf4+ Kg5 62. Be7+ Kg6 63. Rxa4 1-0

[Event "Ivy League Challenge"]
[Site "Toronto CAN"]
[Date "2023.03.26"]
[Round "5"]
[White "Zhao, Ian"]
[Black "Zomorrodian, Eilia"]
[Result "1/2-1/2"]
[WhiteElo "2307"]
[BlackElo "2119"]
[PlyCount "52"]
[EventDate "2023.03.24"]
[EventType "team"]
[EventRounds "5"]
[EventCountry "CAN"]
[Source "ChessMix"]
[SourceDate "2023.04.01"]
[WhiteTeam "University of Waterloo"]
[BlackTeam "University of Toronto - B"]

1. e4 c5 2. Nf3 e6 3. d4 cxd4 4. Nxd4 a6 5. c4 Nf6 6. Nc3 Qc7 7. a3 b6 8. Be3
Bb7 9. f3 Be7 10. Be2 O-O 11. O-O d6 12. Rc1 Nbd7 13. b4 Rac8 14. Qb3 Qb8 15.
Rfd1 Kh8 16. Kh1 Rg8 17. g4 g5 18. Qb2 Ne5 19. Na4 Nfd7 20. c5 dxc5 21. bxc5
bxc5 22. Nb3 Bf6 23. Qb1 c4 24. Na5 Ba8 25. Qxb8 Rxb8 26. Nxc4 Rb3 1/2-1/2

[Event "Jack Taylor mrm."]
[Site "Sidney CAN"]
[Date "2023.11.11"]
[Round "1.1"]
[White "Holmgren, Emilian"]
[Black "Patterson, Roger"]
[Result "0-1"]
[WhiteElo "1368"]
[BlackElo "2014"]
[PlyCount "48"]
[EventDate "2023.11.11"]
[EventType "swiss"]
[EventRounds "5"]
[EventCountry "CAN"]

1. e4 c5 2. Nf3 e6 3. c3 d5 4. exd5 Qxd5 5. Be2 Nf6 6. O-O Nc6 7. d3 Be7 8.
Nbd2 O-O 9. Nc4 b6 10. Ng5 Bb7 11. Bf3 Qd7 12. Qc2 Rad8 13. Rd1 h6 14. Ne4 Nd5
15. Ne3 Ne5 16. Nd2 Nxf3+ 17. Nxf3 Nf4 18. Ne5 Qc7 19. N3g4 Nxg2 20. Qe2 Bg5
21. Bxg5 hxg5 22. d4 Nf4 23. Qe3 f6 24. Nd3 Qc6 0-1

[Event "Jack Taylor mrm."]
[Site "Sidney CAN"]
[Date "2023.11.11"]
[Round "1.2"]
[White "Leong, Ryan"]
[Black "Soare, Trevor"]
[Result "1/2-1/2"]
[WhiteElo "1897"]
[BlackElo "1353"]
[PlyCount "128"]
[EventDate "2023.11.11"]
[EventType "swiss"]
[EventRounds "5"]
[EventCountry "CAN"]

1. a3 d5 2. c4 d4 3. Nf3 a5 4. g3 b6 5. Bg2 Bb7 6. O-O Nf6 7. d3 e6 8. e3 c5 9.
exd4 cxd4 10. Re1 Be7 11. Bg5 h6 12. Bxf6 Bxf6 13. Nbd2 Na6 14. Qa4+ Qd7 15.
Qxd7+ Kxd7 16. Ne5+ Kc7 17. Bxb7 Kxb7 18. Nxf7 Rhf8 19. Nd6+ Kc6 20. Nb5 Nc5
21. Nf3 Nxd3 22. Nbxd4+ Kb7 23. Rxe6 Rad8 24. Nc6 Rc8 25. Nce5 Rfd8 26. Nf7
Nxb2 27. Nxd8+ Rxd8 28. c5 bxc5 29. Rb1 Rd1+ 30. Rxd1 Nxd1 31. Ne1 c4 32. Nc2
c3 33. Kg2 Nb2 34. h4 Nc4 35. f4 Kc7 36. Kh3 Nb6 37. g4 Nd5 38. Kg3 Kd7 39. Ra6
Bd8 40. Rg6 Bc7 41. Rxg7+ Kc6 42. Rxc7+ Kxc7 43. g5 hxg5 44. fxg5 Kd6 45. h5
Ke5 46. h6 Ne7 47. Kg4 Ng6 48. Kh5 Nf4+ 49. Kg4 Ng6 50. h7 Ke6 51. Kh5 Nh8 52.
Kh6 Kf7 53. Ne3 Ng6 54. Nc2 Nh8 55. Nd4 Ng6 56. Nb5 c2 57. Nd6+ Ke6 58. Kxg6
c1=Q 59. h8=Q Qc2+ 60. Kh6 Qh2+ 61. Kg7 Qe5+ 62. Kh7 Qxg5 63. Qc8+ Kxd6 64.
Qa6+ Kd7 1/2-1/2

[Event "Jack Taylor mrm."]
[Site "Sidney CAN"]
[Date "2023.11.11"]
[Round "1.3"]
[White "Zhang, Jasper"]
[Black "Williamson, Jason"]
[Result "0-1"]
[WhiteElo "1309"]
[BlackElo "1874"]
[PlyCount "104"]
[EventDate "2023.11.11"]
[EventType "swiss"]
[EventRounds "5"]
[EventCountry "CAN"]

1. d4 Nf6 2. Nf3 g6 3. e3 Bg7 4. c3 d5 5. Nbd2 O-O 6. Bd3 b6 7. O-O Ba6 8. Bxa6
Nxa6 9. Qa4 Qc8 10. Ne5 c5 11. Nc6 Re8 12. b3 Nb8 13. Ne5 Nfd7 14. Nd3 e5 15.
dxe5 Nxe5 16. Nf4 Rd8 17. Ne2 Nbc6 18. f4 Ng4 19. Rf3 d4 20. exd4 cxd4 21. Qc4
Ne3 22. Rxe3 dxe3 23. Nf1 Na5 24. Qxc8 Raxc8 25. Bxe3 Bxc3 26. Rc1 Bb4 27. Rxc8
Rxc8 28. Bd4 Rc2 29. Neg3 f5 30. Ne3 Rd2 31. Be5 Bc5 32. Ngf1 Re2 33. b4 Bxb4
34. Nd5 Bc5+ 35. Kh1 Re1 36. Nf6+ Kf7 37. h3 Rxf1+ 38. Kh2 h5 39. g3 Rf2+ 40.
Kh1 Rxa2 41. Nh7 Be7 42. Ng5+ Bxg5 43. fxg5 Nc4 44. Bf6 b5 45. Bd4 Ke6 46. Bf6
Kd5 47. Kg1 Ne3 48. Kh1 Nf1 49. h4 Nxg3+ 50. Kg1 Ke4 51. Bc3 Kf3 52. Be1 Rg2#
0-1

[Event "Jack Taylor mrm."]
[Site "Sidney CAN"]
[Date "2023.11.11"]
[Round "1.4"]
[White "Cheng, Peter Qian"]
[Black "Yin, Andrew"]
[Result "1/2-1/2"]
[WhiteElo "1748"]
[BlackElo "1340"]
[PlyCount "119"]
[EventDate "2023.11.11"]
[EventType "swiss"]
[EventRounds "5"]
[EventCountry "CAN"]

1. e4 c5 2. d4 cxd4 3. c3 dxc3 4. Nxc3 Nc6 5. Nf3 e6 6. Bc4 Bb4 7. O-O Nge7 8.
Qe2 O-O 9. Rd1 Ng6 10. Nb5 a6 11. Nc3 b5 12. Bb3 Qe7 13. Bg5 f6 14. Be3 Kh8 15.
Rac1 Bb7 16. a3 Bxc3 17. Rxc3 Rfd8 18. Bb6 Rdc8 19. Qd2 Nce5 20. Nxe5 Nxe5 21.
Bc7 Nc4 22. Bxc4 Rxc7 23. Bd5 Rxc3 24. Bxb7 Rcc8 25. Bxa8 Rxa8 26. Qxd7 Qxd7
27. Rxd7 Rc8 28. g3 h6 29. Rd6 a5 30. Rb6 Rc5 31. b4 axb4 32. axb4 Re5 33. f4
Rxe4 34. Rxb5 Kg8 35. Rb8+ Kf7 36. b5 Rb4 37. b6 e5 38. fxe5 fxe5 39. b7 e4 40.
Kf2 Rb3 41. g4 Kg6 42. h4 Kf7 43. h5 Rb5 44. Ke3 Rb4 45. Kf4 g5+ 46. hxg6+ Kg7
47. Ke3 Rb1 48. Kxe4 Re1+ 49. Kd3 Rb1 50. Kc3 Rb6 51. Kc4 Rb1 52. Kd5 Rd1+ 53.
Ke4 Rb1 54. g5 hxg5 55. Kf5 Rb6 56. Kxg5 Rxg6+ 57. Kf5 Rb6 58. Ke5 Rb1 59. Kd6
Rd1+ 60. Kc6 1/2-1/2

[Event "Jack Taylor mrm."]
[Site "Sidney CAN"]
[Date "2023.11.11"]
[Round "1.5"]
[White "Barker, Rhyland"]
[Black "Yonkman, Trevor"]
[Result "0-1"]
[WhiteElo "1301"]
[BlackElo "1728"]
[PlyCount "64"]
[EventDate "2023.11.11"]
[EventType "swiss"]
[EventRounds "5"]
[EventCountry "CAN"]

1. c4 Nf6 2. g3 g6 3. Bg2 Bg7 4. Nc3 c5 5. e4 d6 6. Nge2 Nc6 7. O-O O-O 8. d3
a6 9. Rb1 Rb8 10. Nd5 e6 11. Ndf4 b5 12. Be3 Qc7 13. b3 Bd7 14. Qd2 Ng4 15. h4
h5 16. f3 Nxe3 17. Qxe3 Nd4 18. g4 hxg4 19. fxg4 Qa5 20. g5 Qxa2 21. Ng3 Nxb3
22. Nfe2 Nd2 23. Rbd1 Nxf1 24. Rxf1 bxc4 25. Rf6 Bxf6 26. gxf6 Qa1+ 27. Kh2
Qxf6 28. h5 Rb1 29. hxg6 Qh4+ 30. Bh3 fxg6 31. e5 cxd3 32. Qxd3 Rf2# 0-1

[Event "Jack Taylor mrm."]
[Site "Sidney CAN"]
[Date "2023.11.11"]
[Round "2.1"]
[White "Patterson, Roger"]
[Black "Jillings, Duncan"]
[Result "1-0"]
[WhiteElo "2014"]
[BlackElo "1612"]
[PlyCount "59"]
[EventDate "2023.11.11"]
[EventType "swiss"]
[EventRounds "5"]
[EventCountry "CAN"]

1. c4 Nf6 2. Nc3 g6 3. e4 d6 4. d4 Bg7 5. Nf3 O-O 6. Be2 Nbd7 7. O-O c5 8. d5
Ne8 9. Qc2 h6 10. Bd2 Kh7 11. Rae1 e5 12. dxe6 fxe6 13. Be3 e5 14. Rd1 Nb6 15.
Bxc5 Qc7 16. Bxb6 axb6 17. Nd5 Qd8 18. Qb3 Be6 19. Nxb6 Ra6 20. Nd5 Bxd5 21.
cxd5 Rb6 22. Qc2 Nf6 23. Nd2 Rf7 24. b3 h5 25. a4 Bh6 26. Bb5 Ng4 27. Nc4 Qh4
28. h3 Rxb5 29. axb5 Rf3 30. Rd3 1-0

[Event "Jack Taylor mrm."]
[Site "Sidney CAN"]
[Date "2023.11.11"]
[Round "2.2"]
[White "Williamson, Jason"]
[Black "Howard, Adrien"]
[Result "1-0"]
[WhiteElo "1874"]
[BlackElo "1443"]
[PlyCount "130"]
[EventDate "2023.11.11"]
[EventType "swiss"]
[EventRounds "5"]
[EventCountry "CAN"]

1. e4 e6 2. d4 d5 3. Nc3 Nf6 4. Bg5 Be7 5. e5 Nfd7 6. Bxe7 Qxe7 7. f4 a6 8. Nf3
c5 9. Bd3 Nc6 10. O-O cxd4 11. Ne2 Nc5 12. Nexd4 Nxd3 13. Qxd3 Bd7 14. c3 O-O
15. Ng5 g6 16. Qh3 f5 17. Qh6 Nxd4 18. cxd4 Qg7 19. Qxg7+ Kxg7 20. Rac1 Rac8
21. b3 h6 22. Nf3 Bb5 23. Rfe1 Bd3 24. Rc5 b6 25. Rcc1 Be4 26. Nd2 g5 27. fxg5
hxg5 28. Kf2 Kg6 29. Nf1 f4 30. Nd2 Bc2 31. h3 Rf7 32. Nf3 Rfc7 33. Re2 Be4 34.
Rxc7 Rxc7 35. Nh2 Rc3 36. Ng4 Rd3 37. Rc2 Rxd4 38. Rc6 Kf5 39. Rc7 Rd2+ 40. Ke1
Rxa2 41. Rf7+ Kg6 42. Rf6+ Kg7 43. Rxe6 Bxg2 44. Rxb6 Bxh3 45. Nf6 Bg2 46. Nh5+
Kf7 47. e6+ Kg6 48. e7+ Kf7 49. Re6 Kxe6 50. e8=Q+ Kf5 51. Qd7+ Ke4 52. Nf6+
Ke3 53. Qe6+ Kd3 54. Nxd5 Bxd5 55. Qxd5+ Ke3 56. Qe5+ Kf3 57. b4 Rg2 58. Qd5+
Kg3 59. Qxg5+ Kf3 60. Qh5+ Ke3 61. Qe5+ Kf3 62. Qc3+ Kg4 63. Kf1 Ra2 64. Qc8+
Kf3 65. Qh3+ Ke4 1-0

[Event "Jack Taylor mrm."]
[Site "Sidney CAN"]
[Date "2023.11.11"]
[Round "2.3"]
[White "Yonkman, Trevor"]
[Black "Camphaug, Lincoln"]
[Result "1-0"]
[WhiteElo "1728"]
[BlackElo "1423"]
[PlyCount "53"]
[EventDate "2023.11.11"]
[EventType "swiss"]
[EventRounds "5"]
[EventCountry "CAN"]

1. d4 Nf6 2. Nc3 b6 3. e4 Ba6 4. Bxa6 Nxa6 5. e5 Ng8 6. Qe2 Nb4 7. a3 Nc6 8. d5
Nb8 9. Bf4 e6 10. O-O-O g6 11. Nf3 Bh6 12. Qe3 Bxf4 13. Qxf4 h6 14. dxe6 fxe6
15. Qe4 Nc6 16. Qxg6+ Kf8 17. Rhe1 Nce7 18. Qe4 Rb8 19. Nh4 a6 20. Rd3 Qe8 21.
Rf3+ Kg7 22. Rg3+ Kf8 23. Ree3 Qh5 24. Ref3+ Ke8 25. Qf4 Nf5 26. Nxf5 Qxf5 27.
Qb4 1-0